Top 4 positions in the European Football Championship - Statistics

General Stats
  • This quiz has been taken 65 times
    64 since last reset
  • The average score is 62 of 68
Answer Stats
Year 1st place 2nd place 3rd place 3rd/4th place odp % Correct
1988 2 miejsce USSR
98%
1968 1 miejsce Italy
96%
1980 4 miejsce Italy
96%
1988 3 miejsce Italy
96%
2000 2 miejsce Italy
96%
2012 2 miejsce Italy
96%
2020 1 miejsce Italy
96%
2008 3 miejsce Russia
95%
1960 1 miejsce f f f USSR
95%
1964 2 miejsce USSR
95%
1968 4 miejsce USSR
95%
1972 2 miejsce USSR
95%
1968 3 miejsce England
93%
1996 3 miejsce England
93%
2020 2 miejsce England
93%
2024 2 miejsce England
93%
1960 4 miejsce France
93%
1984 1 miejsce France
93%
1996 3 miejsce France
93%
2000 1 miejsce France
93%
2016 2 miejsce France
93%
2024 3 miejsce France
93%
2004 1 miejsce Greece
93%
1984 3 miejsce Portugal
93%
2000 3 miejsce Portugal
93%
2004 2 miejsce Portugal
93%
2012 3 miejsce Portugal
93%
2016 1 miejsce Portugal
93%
1964 1 miejsce Spain
93%
1984 2 miejsce Spain
93%
2008 1 miejsce Spain
93%
2012 1 miejsce Spain
93%
2020 3 miejsce Spain
93%
2024 1 miejsce Spain
93%
1992 3 miejsce Sweden
93%
1972 3 miejsce Belgium
91%
1980 2 miejsce Belgium
91%
1964 4 miejsce Denmark
91%
1984 3 miejsce Denmark
91%
1992 1 miejsce Denmark
91%
2020 3 miejsce Denmark
91%
1992 2 miejsce Germany
91%
1996 1 miejsce Germany
91%
2008 2 miejsce Germany
91%
2012 3 miejsce Germany
91%
2016 3 miejsce Germany
91%
1976 3 miejsce Netherlands
91%
1988 1 miejsce Netherlands
91%
1992 3 miejsce Netherlands
91%
2000 3 miejsce Netherlands
91%
2004 3 miejsce Netherlands
91%
2024 3 miejsce Netherlands
91%
1972 1 miejsce West Germany
91%
1976 2 miejsce West Germany
91%
1980 1 miejsce West Germany
91%
1988 3 miejsce West Germany
91%
1964 3 miejsce Hungary
89%
1972 4 miejsce Hungary
89%
1960 2 miejsce Yugoslavia
88%
1968 2 miejsce Yugoslavia
88%
1976 4 miejsce Yugoslavia
88%
1960 3 miejsce Czechoslovakia
86%
1976 1 miejsce Czechoslovakia
86%
1980 3 miejsce Czechoslovakia
86%
2008 3 miejsce Turkey
86%
2016 3 miejsce Wales
82%
1996 2 miejsce Czech Republic
65%
2004 3 miejsce Czech Republic
65%
No matching quizzes found
Score Distribution
Percent of People with Each Score
Percentile by Number Answered
Your Score History
You have not taken this quiz since the last reset